<?xml version="1.0" encoding="UTF-8"?>
<record
    xmlns:xsi="http://www.w3.org/2001/XMLSchema-instance"
    xsi:schemaLocation="http://www.loc.gov/MARC21/slim http://www.loc.gov/standards/marcxml/schema/MARC21slim.xsd"
    xmlns="http://www.loc.gov/MARC21/slim">

  <leader>02196njm a2200433Ia 4500</leader>
  <controlfield tag="001">32994</controlfield>
  <controlfield tag="003">IT-RoPAU</controlfield>
  <controlfield tag="005">20220918181125.0</controlfield>
  <controlfield tag="008">131025s9999    xx            000 0 und d</controlfield>
  <datafield tag="040" ind1=" " ind2=" ">
    <subfield code="a">IT-RoPAU</subfield>
  </datafield>
  <datafield tag="040" ind1=" " ind2=" ">
    <subfield code="c">IT-RoPAU</subfield>
  </datafield>
  <datafield tag="999" ind1=" " ind2=" ">
    <subfield code="c">100110</subfield>
    <subfield code="d">100110</subfield>
  </datafield>
  <datafield tag="999" ind1=" " ind2=" ">
    <subfield code="b">n.d.</subfield>
  </datafield>
  <datafield tag="100" ind1=" " ind2=" ">
    <subfield code="a">AA.VV.</subfield>
    <subfield code="9">794</subfield>
  </datafield>
  <datafield tag="100" ind1=" " ind2=" ">
    <subfield code="e">Autore musica</subfield>
    <subfield code="9">19091</subfield>
  </datafield>
  <datafield tag="100" ind1=" " ind2=" ">
    <subfield code="g">Codice autore musica SPICS: 12000</subfield>
    <subfield code="9">796</subfield>
  </datafield>
  <datafield tag="245" ind1=" " ind2=" ">
    <subfield code="a">Standards Live</subfield>
  </datafield>
  <datafield tag="250" ind1=" " ind2=" ">
    <subfield code="a">1a ed.</subfield>
  </datafield>
  <datafield tag="260" ind1=" " ind2=" ">
    <subfield code="a">GERMANY</subfield>
  </datafield>
  <datafield tag="260" ind1=" " ind2=" ">
    <subfield code="b">ECM RECORDS</subfield>
    <subfield code="c">1986 [1a Ed.:1986 - Ed. Lingua Orig.: 1986]</subfield>
  </datafield>
  <datafield tag="300" ind1=" " ind2=" ">
    <subfield code="a">DISCO</subfield>
  </datafield>
  <datafield tag="300" ind1=" " ind2=" ">
    <subfield code="c">50 minuti (Testo:  pag.)</subfield>
  </datafield>
  <datafield tag="500" ind1=" " ind2=" ">
    <subfield code="a">Musica Rock</subfield>
  </datafield>
  <datafield tag="505" ind1=" " ind2=" ">
    <subfield code="a">Stella By Starlight (11:00) - The Wrong Blues (8:00) - Falling In Love With Love (9:00) - Too Young To Go Steady (7:00) - The Way You Look Tonight (8:00) - The Old Country (6:00)</subfield>
  </datafield>
  <datafield tag="650" ind1=" " ind2=" ">
    <subfield code="a">ROCK [DISCHI]</subfield>
    <subfield code="e">Codice MATERIA SPICS: 9950</subfield>
    <subfield code="9">1088</subfield>
  </datafield>
  <datafield tag="700" ind1=" " ind2=" ">
    <subfield code="a">Jarrett Keith</subfield>
    <subfield code="g">Codice interprete SPICS: 11614</subfield>
    <subfield code="e">Interprete</subfield>
    <subfield code="9">19092</subfield>
  </datafield>
  <datafield tag="700" ind1=" " ind2=" ">
    <subfield code="a">Washington Ned</subfield>
    <subfield code="g">Codice autore musica SPICS: 16091</subfield>
    <subfield code="e">Autore musica</subfield>
    <subfield code="p">Stella By Starlight</subfield>
    <subfield code="9">19093</subfield>
  </datafield>
  <datafield tag="700" ind1=" " ind2=" ">
    <subfield code="a">Young Victor</subfield>
    <subfield code="g">Codice autore SPICS: 11205</subfield>
    <subfield code="e">Autore</subfield>
    <subfield code="p">Stella By Starlight</subfield>
    <subfield code="9">19094</subfield>
  </datafield>
  <datafield tag="700" ind1=" " ind2=" ">
    <subfield code="a">Wilder Alec</subfield>
    <subfield code="g">Codice autore musica SPICS: 20488</subfield>
    <subfield code="e">Autore musica</subfield>
    <subfield code="p">The Wrong Blues</subfield>
    <subfield code="9">19095</subfield>
  </datafield>
  <datafield tag="700" ind1=" " ind2=" ">
    <subfield code="a">Engvick William</subfield>
    <subfield code="g">Codice autore SPICS: 15849</subfield>
    <subfield code="e">Autore</subfield>
    <subfield code="p">The Wrong Blues</subfield>
    <subfield code="9">19096</subfield>
  </datafield>
  <datafield tag="700" ind1=" " ind2=" ">
    <subfield code="a">Rodgers Richard</subfield>
    <subfield code="g">Codice autore musica SPICS: 11120</subfield>
    <subfield code="e">Autore musica</subfield>
    <subfield code="p">Falling In Love With Love</subfield>
    <subfield code="9">19097</subfield>
  </datafield>
  <datafield tag="700" ind1=" " ind2=" ">
    <subfield code="a">Hart Lorenz</subfield>
    <subfield code="g">Codice autore SPICS: 10738</subfield>
    <subfield code="e">Autore</subfield>
    <subfield code="p">Falling In Love With Love</subfield>
    <subfield code="9">19098</subfield>
  </datafield>
  <datafield tag="700" ind1=" " ind2=" ">
    <subfield code="a">Adamson Harold</subfield>
    <subfield code="g">Codice autore musica SPICS: 13390</subfield>
    <subfield code="e">Autore musica</subfield>
    <subfield code="p">Too Young To Go Steady</subfield>
    <subfield code="9">19099</subfield>
  </datafield>
  <datafield tag="700" ind1=" " ind2=" ">
    <subfield code="a">McHugh Jimmy</subfield>
    <subfield code="g">Codice autore SPICS: 16297</subfield>
    <subfield code="e">Autore</subfield>
    <subfield code="p">Too Young To Go Steady</subfield>
    <subfield code="9">19100</subfield>
  </datafield>
  <datafield tag="700" ind1=" " ind2=" ">
    <subfield code="a">Fields Dorothy</subfield>
    <subfield code="g">Codice autore musica SPICS: 15865</subfield>
    <subfield code="e">Autore musica</subfield>
    <subfield code="p">The Way You Look Tonight</subfield>
    <subfield code="9">19101</subfield>
  </datafield>
  <datafield tag="700" ind1=" " ind2=" ">
    <subfield code="a">Kern Jerome</subfield>
    <subfield code="g">Codice autore SPICS: 10779</subfield>
    <subfield code="e">Autore</subfield>
    <subfield code="p">The Way You Look Tonight</subfield>
    <subfield code="9">19102</subfield>
  </datafield>
  <datafield tag="700" ind1=" " ind2=" ">
    <subfield code="a">Lewis Curtis</subfield>
    <subfield code="g">Codice autore musica SPICS: 28425</subfield>
    <subfield code="e">Autore musica</subfield>
    <subfield code="p">The Old Country</subfield>
    <subfield code="9">19103</subfield>
  </datafield>
  <datafield tag="700" ind1=" " ind2=" ">
    <subfield code="a">Adderley Nat</subfield>
    <subfield code="g">Codice autore SPICS: 28426</subfield>
    <subfield code="e">Autore</subfield>
    <subfield code="p">The Old Country</subfield>
    <subfield code="9">19104</subfield>
  </datafield>
  <datafield tag="942" ind1=" " ind2=" ">
    <subfield code="c">MD</subfield>
    <subfield code="2">ddc</subfield>
  </datafield>
  <datafield tag="952" ind1=" " ind2=" ">
    <subfield code="0">0</subfield>
    <subfield code="1">0</subfield>
    <subfield code="4">0</subfield>
    <subfield code="6">32994_000000000000000</subfield>
    <subfield code="7">1</subfield>
    <subfield code="a">SPICS</subfield>
    <subfield code="b">SPICS</subfield>
    <subfield code="d">2013-10-25</subfield>
    <subfield code="l">0</subfield>
    <subfield code="o">32994</subfield>
    <subfield code="r">2013-10-25 00:00:00</subfield>
    <subfield code="w">2013-10-25</subfield>
    <subfield code="y">MD</subfield>
    <subfield code="z">Progr. Ins.: 12248 / N.Vol.: 1 / Copie: 1 - Copia rara: n.d. / date import: 01.01.2014 - By Epidotti, Trombetti, Vaglietti</subfield>
  </datafield>
</record>
